[Event "World Women's Team Pool A"]
[Site "Linares ESP"]
[Date "2025.11.19"]
[Round "4.6"]
[White "Garcia Andrada, Heidy Nicole"]
[Black "Sargsyan, Anna M."]
[Result "0-1"]
[WhiteTitle "WIM"]
[BlackTitle "IM"]
[WhiteElo "2056"]
[BlackElo "2377"]
[WhiteTeam "Peru"]
[BlackTeam "USA"]
[WhiteFideId "3831779"]
[BlackFideId "13308130"]
[EventDate "2025.11.18"]

1. e4 c6 2. d4 d5 3. exd5 cxd5 4. Bd3 Nc6 5. c3 e6 6. f4 f5 7. Nf3 Nf6 8. O-O
Bd6 9. Qe2 O-O 10. a4 Bd7 11. g3 Ne4 12. Be3 Be8 13. Ne5 Ne7 14. Nd2 Kh8 15. Kg2
Ng8 16. Bb5 Ngf6 17. Bxe8 Qxe8 18. h3 Nxd2 19. Bxd2 Ne4 20. Be3 a6 21. g4 b5 22.
axb5 axb5 23. g5 b4 24. cxb4 Rb8 25. Nd3 Bxb4 26. Nf2 Nd6 27. Bc1 Rb7 28. h4 Qe7
29. Ra4 Rc8 30. Nd3 Ne4 31. Nxb4 Rxb4 32. Rxb4 Qxb4 33. Be3 Qb3 34. Rc1 Rxc1 35.
Bxc1 Qg3+ 36. Kf1 Qxh4 37. Qf3 Qh2 38. Qg2 Qh5 39. Kg1 Qd1+ 40. Qf1 Qxd4+ 41.
Kg2 h6 42. Qe2 Kh7 43. Be3 Qc4 44. Qd1 Kg6 45. gxh6 gxh6 46. Kf3 h5 47. Bd4 h4
48. Be3 Ng3 49. Kf2 Qe4 50. b3 d4 51. Qxd4 Qc2+ 0-1

[Event "World Women's Team Pool A"]
[Site "Linares ESP"]
[Date "2025.11.19"]
[Round "4.7"]
[White "Abrahamyan, Tatev"]
[Black "Contreras Huaman, Fiorella"]
[Result "1-0"]
[WhiteTitle "IM"]
[BlackTitle "FM"]
[WhiteElo "2391"]
[BlackElo "2199"]
[WhiteTeam "USA"]
[BlackTeam "Peru"]
[WhiteFideId "13301918"]
[BlackFideId "3824675"]
[EventDate "2025.11.18"]

1. e4 c6 2. d4 d5 3. e5 c5 4. Nf3 cxd4 5. Qxd4 Nc6 6. Qf4 e6 7. Nc3 Nb4 8. Qd2
Bd7 9. b3 Be7 10. Bb2 Nh6 11. a3 Nc6 12. Bd3 f6 13. exf6 Bxf6 14. O-O-O Nf7 15.
Rde1 O-O 16. Kb1 Qb8 17. h4 h6 18. g4 Nce5 19. Nxe5 Nxe5 20. Qe2 Nxd3 21. Qxd3
Qf4 22. g5 hxg5 23. hxg5 Qxg5 24. Qe2 Rac8 25. Reg1 Qf4 26. Rh3 Bd4 27. Qh5 Qxf2
28. Qh7+ Kf7 29. Rhg3 Ke8 30. Nd1 Qf6 31. Bxd4 Qxd4 32. Rxg7 Rc7 33. Rg8 Qf6 34.
Rxf8+ Qxf8 35. Rg8 Qxg8 36. Qxg8+ Ke7 37. Qg5+ Kd6 38. Nf2 Rc8 39. Nd3 Rf8 40.
Qe5+ Ke7 41. Qc7 1-0

[Event "World Women's Team Pool A"]
[Site "Linares ESP"]
[Date "2025.11.19"]
[Round "4.8"]
[White "Jimenez Salas, Maria Teresa"]
[Black "Tang, Zoey"]
[Result "1/2-1/2"]
[WhiteTitle "WIM"]
[BlackTitle "FM"]
[WhiteElo "2224"]
[BlackElo "2381"]
[WhiteTeam "Peru"]
[BlackTeam "USA"]
[WhiteFideId "3843866"]
[BlackFideId "30952530"]
[EventDate "2025.11.18"]

1. e4 c5 2. Nf3 Nc6 3. d4 cxd4 4. Nxd4 Nf6 5. Nc3 d6 6. f3 e5 7. Nb3 Be7 8. Be3
O-O 9. Qd2 Be6 10. O-O-O a5 11. Bb5 Nb4 12. a3 Qc7 13. Kb1 d5 14. axb4 d4 15.
bxa5 Bxb3 16. cxb3 dxe3 17. Qxe3 Qxa5 18. Ba4 Rfc8 19. Qe2 Bb4 20. Nd5 Nxd5 21.
Rxd5 Rc5 22. Rxc5 Bxc5 23. Qb5 Qxb5 24. Bxb5 Rd8 25. Rc1 Bb6 26. Kc2 Kf8 27. Bc4
Be3 28. Rd1 Rxd1 29. Kxd1 Ke7 30. b4 b6 31. Ke2 1/2-1/2

[Event "World Women's Team Pool A"]
[Site "Linares ESP"]
[Date "2025.11.19"]
[Round "4.9"]
[White "Goryachkina, Aleksandra"]
[Black "Fataliyeva, Ulviyya"]
[Result "1/2-1/2"]
[WhiteTitle "GM"]
[BlackTitle "IM"]
[WhiteElo "2540"]
[BlackElo "2420"]
[WhiteTeam "FIDE"]
[BlackTeam "Azerbaijan"]
[WhiteFideId "4147103"]
[BlackFideId "13403052"]
[EventDate "2025.11.18"]

1. e4 c5 2. Nf3 e6 3. d4 cxd4 4. Nxd4 Nf6 5. Bd3 Nc6 6. Nxc6 dxc6 7. Nd2 e5 8.
Qe2 Be6 9. O-O Bc5 10. Nf3 Qc7 11. Bc4 Bg4 12. h3 Bh5 13. Bg5 Nd7 14. a4 f6 15.
Bd2 Nb6 16. Ba5 Qe7 17. Bxb6 Bxb6 18. a5 Bc7 19. Qd3 Rd8 20. Qb3 b5 21. axb6
Bxb6 22. Nh4 Bg6 23. Nf5 Bxf5 24. exf5 Kd7 25. Ra4 Kc7 26. Bd3 Rd4 27. Rxd4 Bxd4
28. c3 Bb6 29. Qc4 Rf8 30. Be4 Qc5 31. Qxc5 Bxc5 32. b4 Bb6 33. Rd1 a5 34. Kf1
Rb8 35. Ra1 axb4 36. cxb4 Bd4 37. Rc1 Rxb4 38. Rxc6+ Kd8 39. f3 Rb6 40. Rc4 Rb2
41. Rc2 Rxc2 42. Bxc2 1/2-1/2

[Event "World Women's Team Pool A"]
[Site "Linares ESP"]
[Date "2025.11.19"]
[Round "4.10"]
[White "Beydullayeva, Govhar"]
[Black "Lagno, Kateryna"]
[Result "1/2-1/2"]
[WhiteTitle "WGM"]
[BlackTitle "GM"]
[WhiteElo "2358"]
[BlackElo "2517"]
[WhiteTeam "Azerbaijan"]
[BlackTeam "FIDE"]
[WhiteFideId "13413015"]
[BlackFideId "14109336"]
[EventDate "2025.11.18"]

1. d4 d5 2. c4 e6 3. Nf3 Nf6 4. Nc3 Be7 5. Bf4 O-O 6. e3 b6 7. Be2 dxc4 8. Bxc4
Ba6 9. Qe2 Qc8 10. O-O Bxc4 11. Qxc4 c5 12. dxc5 Qxc5 13. Qxc5 Bxc5 14. Rfd1
Nbd7 15. Ne5 Nxe5 16. Bxe5 Rfd8 17. Rxd8+ Rxd8 18. Rd1 Rxd1+ 19. Nxd1 Nd7 20.
Bc3 f5 21. Kf1 Kf7 22. Ke2 Bd6 23. h3 Nc5 24. b3 e5 25. Nb2 Ke6 26. f3 Kd5 27.
Kd2 g6 28. Nd3 Nxd3 29. Kxd3 e4+ 30. fxe4+ fxe4+ 31. Ke2 Bg3 32. Kd2 h5 33. Bf6
b5 34. Bd4 a6 35. Bf6 Bc7 36. Ke2 a5 37. Kd2 a4 38. Be7 Be5 39. Kc2 Ke6 40. Bh4
Kd5 41. Be7 Bg7 42. Kd2 axb3 43. axb3 Be5 44. Kc2 Ke6 45. Bh4 Kf5 46. Kd1 g5 47.
Be1 g4 48. Ke2 Kg5 49. Kd1 Kf5 50. Ke2 Kg5 1/2-1/2

[Event "World Women's Team Pool A"]
[Site "Linares ESP"]
[Date "2025.11.19"]
[Round "4.11"]
[White "Shukhman, Anna"]
[Black "Balajayeva, Khanim"]
[Result "1-0"]
[WhiteTitle "WGM"]
[BlackTitle "IM"]
[WhiteElo "2418"]
[BlackElo "2350"]
[WhiteTeam "FIDE"]
[BlackTeam "Azerbaijan"]
[WhiteFideId "54180058"]
[BlackFideId "13406396"]
[EventDate "2025.11.18"]

1. e4 e5 2. Nc3 Nc6 3. Bc4 Nf6 4. d3 Bb4 5. Bg5 h6 6. Bxf6 Qxf6 7. Ne2 d6 8. O-O
Be6 9. Nd5 Bxd5 10. Bxd5 O-O 11. f4 Ne7 12. Bb3 c6 13. c3 Ba5 14. f5 Kh7 15. Ng3
Ng8 16. Qh5 Rad8 17. Rf3 Rd7 18. Qh3 Bd8 19. Nh5 Qh4 20. f6 Qxh3 21. fxg7 Bb6+
22. Kh1 Qxf3 23. gxf8=N+ Kh8 24. gxf3 Rd8 25. Ne6 fxe6 26. Bxe6 Rf8 27. Rf1 Be3
28. Bxg8 Rxg8 29. f4 exf4 30. Nxf4 Re8 31. Nh5 d5 32. Ng3 dxe4 33. Nxe4 Re7 34.
Kg2 Bb6 35. Rf5 Kg7 36. Kf3 Bc7 37. h4 b6 38. h5 c5 39. d4 cxd4 40. cxd4 Rd7 41.
d5 Bd6 42. Nxd6 Rxd6 43. Ke4 Rd8 44. Rf2 Re8+ 45. Kd4 Re1 46. d6 Rh1 47. Kd5
Rxh5+ 48. Ke6 Rh1 49. Re2 Kf8 50. d7 Rd1 51. Re5 Rd2 52. Rf5+ Kg7 53. Rd5 1-0

[Event "World Women's Team Pool A"]
[Site "Linares ESP"]
[Date "2025.11.19"]
[Round "4.12"]
[White "Allahverdiyeva, Ayan"]
[Black "Girya, Olga"]
[Result "0-1"]
[WhiteTitle "WIM"]
[BlackTitle "GM"]
[WhiteElo "2209"]
[BlackElo "2390"]
[WhiteTeam "Azerbaijan"]
[BlackTeam "FIDE"]
[WhiteFideId "13412590"]
[BlackFideId "4195752"]
[EventDate "2025.11.18"]

1. d4 Nf6 2. c4 e6 3. Nf3 d5 4. Nc3 Bb4 5. cxd5 exd5 6. Bg5 h6 7. Bh4 O-O 8. e3
Bf5 9. Qb3 Bxc3+ 10. bxc3 Nbd7 11. Be2 c5 12. dxc5 Nxc5 13. Qb4 Rc8 14. O-O g5
15. Bg3 Nfe4 16. Be5 Re8 17. Bd4 a5 18. Qa3 Ne6 19. Rac1 Nxd4 20. Nxd4 Bg6 21.
Nb5 b6 22. c4 dxc4 23. Rfd1 Qe7 24. Qxe7 Rxe7 25. Bxc4 Kg7 26. f3 Nf6 27. e4 g4
28. Bf1 Rxc1 29. Rxc1 gxf3 30. gxf3 Nh7 31. Nd6 Re6 32. Rc6 Ng5 33. Bg2 Re7 34.
Rxb6 f6 35. Ra6 Rc7 36. Rxa5 Ne6 37. Rb5 Rc2 38. a4 Nd4 39. Rb7+ Kf8 40. Rb1 Ra2
41. Nc4 Rxa4 42. Ne3 Ne2+ 43. Kh1 Nf4 44. h4 Ra2 45. Kh2 Bh5 46. Rf1 Kf7 47. Kg3
Ne2+ 48. Kh2 Nf4 49. Kh1 Re2 50. Nf5 0-1

[Event "World Women's Team Pool A"]
[Site "Linares ESP"]
[Date "2025.11.20"]
[Round "5.1"]
[White "Fataliyeva, Ulviyya"]
[Black "Khademalsharieh, Sarasadat"]
[Result "1-0"]
[WhiteTitle "IM"]
[BlackTitle "IM"]
[WhiteElo "2420"]
[BlackElo "2429"]
[WhiteTeam "Azerbaijan"]
[BlackTeam "Spain"]
[WhiteFideId "13403052"]
[BlackFideId "12512214"]
[EventDate "2025.11.18"]

1. e4 c6 2. d4 d5 3. e5 c5 4. Nf3 Qc7 5. c3 Bg4 6. Bb5+ Nd7 7. Be3 c4 8. h3 Bxf3
9. Qxf3 a6 10. Ba4 e6 11. O-O Ne7 12. Bc2 Nc6 13. b3 b5 14. Qe2 Nb6 15. f4 g6
16. Nd2 Ba3 17. Rab1 h5 18. bxc4 bxc4 19. Nf3 Na7 20. Ng5 Nb5 21. Bd2 Qd7 22. f5
gxf5 23. Bxf5 exf5 24. e6 fxe6 25. Nxe6 Be7 26. Qe5 Rg8 27. Qxf5 Qc6 28. Qf7+ 1-0

[Event "World Women's Team Pool A"]
[Site "Linares ESP"]
[Date "2025.11.20"]
[Round "5.2"]
[White "Vega Gutierrez, Sabrina"]
[Black "Beydullayeva, Govhar"]
[Result "1/2-1/2"]
[WhiteTitle "IM"]
[BlackTitle "WGM"]
[WhiteElo "2377"]
[BlackElo "2358"]
[WhiteTeam "Spain"]
[BlackTeam "Azerbaijan"]
[WhiteFideId "2219026"]
[BlackFideId "13413015"]
[EventDate "2025.11.18"]

1. e4 c5 2. Nf3 d6 3. d4 cxd4 4. Nxd4 Nf6 5. Nc3 a6 6. Be2 e5 7. Nb3 Be7 8. h4
Be6 9. f4 Nc6 10. f5 Bxb3 11. axb3 d5 12. exd5 Nd4 13. O-O Nxd5 14. Nxd5 Qxd5
15. Bc4 Qe4 16. c3 Bc5 17. cxd4 Bxd4+ 18. Rf2 Rc8 19. Qe2 Rxc4 20. Qxc4 Qe1+ 21.
Kh2 O-O 22. Rf3 Qxh4+ 23. Rh3 Qe1 24. Rf3 Qh4+ 25. Rh3 Qe1 26. Rf3 Qh4+ 27. Rh3
Qe1 1/2-1/2

[Event "World Women's Team Pool A"]
[Site "Linares ESP"]
[Date "2025.11.20"]
[Round "5.3"]
[White "Balajayeva, Khanim"]
[Black "Matnadze Bujiashvili, Ann"]
[Result "1-0"]
[WhiteTitle "IM"]
[BlackTitle "IM"]
[WhiteElo "2350"]
[BlackElo "2326"]
[WhiteTeam "Azerbaijan"]
[BlackTeam "Spain"]
[WhiteFideId "13406396"]
[BlackFideId "13601377"]
[EventDate "2025.11.18"]

1. e4 c5 2. Nf3 Nc6 3. d4 cxd4 4. Nxd4 Nf6 5. Nc3 d6 6. Nb3 e5 7. Bg5 Be7 8. h4
Be6 9. Qd2 h6 10. Bxf6 gxf6 11. O-O-O a6 12. Nd5 Rc8 13. f4 f5 14. fxe5 fxe4 15.
Nxe7 Nxe7 16. exd6 Nd5 17. Qd4 O-O 18. Kb1 Rc6 19. Be2 Qc8 20. Rh3 Rd8 21. Rg3+ 1-0

[Event "World Women's Team Pool A"]
[Site "Linares ESP"]
[Date "2025.11.20"]
[Round "5.4"]
[White "Prado Acebo, Ines"]
[Black "Mammadova, Gulnar"]
[Result "0-1"]
[WhiteTitle "WFM"]
[BlackTitle "IM"]
[WhiteElo "2225"]
[BlackElo "2338"]
[WhiteTeam "Spain"]
[BlackTeam "Azerbaijan"]
[WhiteFideId "22251235"]
[BlackFideId "13403508"]
[EventDate "2025.11.18"]

1. d4 g6 2. Nf3 Bg7 3. c4 d6 4. Nc3 Nd7 5. g3 e5 6. Bg2 Ne7 7. e4 O-O 8. O-O
exd4 9. Nxd4 Nc6 10. Nde2 a5 11. Rb1 Nde5 12. b3 f5 13. f4 Ng4 14. h3 Nf6 15. e5
dxe5 16. Ba3 Nb4 17. fxe5 Nh5 18. Nd5 Bxe5 19. Nxb4 axb4 20. Bxb4 Qxd1 21. Rbxd1
Re8 22. Bd5+ Kg7 23. g4 Rxa2 24. Bd2 Nf6 25. Nc1 Rc2 26. Bg5 fxg4 27. Rde1 Nxd5
28. cxd5 Bd4+ 29. Kh1 g3 0-1

[Event "World Women's Team Pool A"]
[Site "Linares ESP"]
[Date "2025.11.20"]
[Round "5.5"]
[White "Cori T., Deysi"]
[Black "Shuvalova, Polina"]
[Result "0-1"]
[WhiteTitle "IM"]
[BlackTitle "IM"]
[WhiteElo "2350"]
[BlackElo "2472"]
[WhiteTeam "Peru"]
[BlackTeam "FIDE"]
[WhiteFideId "3801934"]
[BlackFideId "24171760"]
[EventDate "2025.11.18"]

1. Nf3 d5 2. g3 Nc6 3. Bg2 e5 4. d3 Be6 5. a3 f6 6. Nbd2 f5 7. h4 h6 8. h5 Nf6
9. Nh4 Bd6 10. c4 O-O 11. cxd5 Nxd5 12. O-O Nf4 13. Ng6 Nxg6 14. hxg6 Qf6 15. b4
e4 16. Nb3 Rad8 17. Qc2 exd3 18. exd3 Qxg6 19. d4 Qf7 20. Rb1 f4 21. b5 f3 22.
bxc6 fxg2 23. Re1 Qh5 0-1

[Event "World Women's Team Pool A"]
[Site "Linares ESP"]
[Date "2025.11.20"]
[Round "5.6"]
[White "Garifullina, Leya"]
[Black "Garcia Andrada, Heidy Nicole"]
[Result "1-0"]
[WhiteTitle "IM"]
[BlackTitle "WIM"]
[WhiteElo "2458"]
[BlackElo "2056"]
[WhiteTeam "FIDE"]
[BlackTeam "Peru"]
[WhiteFideId "34127035"]
[BlackFideId "3831779"]
[EventDate "2025.11.18"]

1. e4 c5 2. Nf3 Nc6 3. Bb5 Qb6 4. Nc3 e6 5. Bxc6 Qxc6 6. d4 cxd4 7. Nxd4 Qc7 8.
O-O a6 9. a4 Nf6 10. Qe2 d6 11. a5 Be7 12. Be3 Bd7 13. Nb3 Rc8 14. Bb6 Qb8 15.
Nd2 O-O 16. Rfd1 Bc6 17. Nf1 Bd8 18. Bxd8 Rfxd8 19. Qe3 d5 20. exd5 Nxd5 21.
Nxd5 Bxd5 22. c3 Bc6 23. Qb6 Re8 24. Ng3 Qe5 25. h3 h5 26. Rd4 g6 27. Rad1 Kg7
28. Qb4 Qg5 29. Ne4 Bxe4 30. Rxe4 Qe7 31. Rd6 Rc7 32. Qd4+ Qf6 33. Qb6 Rec8 34.
Qe3 Rc6 35. Red4 R6c7 36. Rd7 e5 37. R4d5 Rxd7 38. Rxd7 Qf5 39. Rxb7 Rd8 40. Qf3
Qe6 41. Rb6 Rd6 42. Qe3 Rd1+ 43. Kh2 Rd6 44. Qc5 Rd5 45. Rxe6 Rxc5 46. Rxa6 1-0

[Event "World Women's Team Pool A"]
[Site "Linares ESP"]
[Date "2025.11.20"]
[Round "5.7"]
[White "Contreras Huaman, Fiorella"]
[Black "Shukhman, Anna"]
[Result "1/2-1/2"]
[WhiteTitle "FM"]
[BlackTitle "WGM"]
[WhiteElo "2199"]
[BlackElo "2418"]
[WhiteTeam "Peru"]
[BlackTeam "FIDE"]
[WhiteFideId "3824675"]
[BlackFideId "54180058"]
[EventDate "2025.11.18"]

1. e4 c5 2. Nc3 d6 3. g3 g6 4. Bg2 Bg7 5. d3 Nc6 6. Nge2 Nf6 7. O-O O-O 8. f4
Rb8 9. h3 Bd7 10. a4 a6 11. g4 b5 12. axb5 axb5 13. Qe1 b4 14. Nd1 Ra8 15. Rxa8
Qxa8 16. e5 Ne8 17. Be3 Qa5 18. d4 cxd4 19. Nxd4 Nxd4 20. Bxd4 dxe5 21. Bxe5
Bxe5 22. Qxe5 Qxe5 23. fxe5 Nc7 24. Rf4 Rb8 25. Ne3 Be6 26. b3 Rb5 27. Kf2 Kg7
28. Rd4 h6 29. Bc6 Rb8 30. Bf3 Rb5 31. Bc6 Rb6 32. Bf3 Na6 33. Nd5 Bxd5 34. Bxd5
Nb8 35. Be4 Rb5 36. Kf3 Rb6 37. Ke3 Nc6 38. Rd5 f6 39. exf6+ Kxf6 40. h4 Rb8 41.
g5+ hxg5 42. hxg5+ Ke6 43. Rc5 Ne5 44. Kd4 Rd8+ 45. Bd5+ Kf5 46. Ke3 Ng4+ 47.
Kf3 Ne5+ 48. Ke3 Ng4+ 1/2-1/2

[Event "World Women's Team Pool A"]
[Site "Linares ESP"]
[Date "2025.11.20"]
[Round "5.8"]
[White "Girya, Olga"]
[Black "Jimenez Salas, Maria Teresa"]
[Result "1-0"]
[WhiteTitle "GM"]
[BlackTitle "WIM"]
[WhiteElo "2390"]
[BlackElo "2224"]
[WhiteTeam "FIDE"]
[BlackTeam "Peru"]
[WhiteFideId "4195752"]
[BlackFideId "3843866"]
[EventDate "2025.11.18"]

1. d4 d5 2. c4 c6 3. Nf3 Nf6 4. Qb3 e6 5. g3 Nbd7 6. Bg2 Bd6 7. O-O O-O 8. Nc3
b6 9. e4 Nxe4 10. Nxe4 dxe4 11. Ng5 Nf6 12. Nxe4 Nxe4 13. Bxe4 Bb7 14. Be3 Qe7
15. c5 Bc7 16. Rac1 b5 17. Bg2 a5 18. Rfe1 Qd7 19. Qc2 Rfe8 20. Rcd1 a4 21. Bd2
Bd8 22. Bc3 Bf6 23. a3 Qc7 24. Be4 h6 25. f4 Red8 26. Qg2 Rac8 27. Qf3 b4 28.
axb4 Ba6 29. Bc2 Bb5 30. f5 Bc4 31. fxe6 Bxe6 32. d5 Bxc3 33. d6 Qd7 34. Qxc3
Re8 35. Bxa4 Bg4 36. Rxe8+ Rxe8 37. Re1 Bh3 38. Bc2 g6 39. Bb3 Kh7 40. Re5 Qd8
41. Qe1 Rxe5 42. Qxe5 Qa8 43. Qe1 Qa7 44. Bc4 h5 45. Bf1 Be6 46. Bg2 Qa4 47. h4
Kg8 48. Kh2 Qc2 49. Qe4 Qxb2 50. Qxc6 Qxb4 51. Qb6 Qd2 52. Qb7 Kh7 53. Qe4 Kg7
54. Qe5+ Kg8 55. c6 Kh7 56. Qf4 Qd3 57. d7 Kg7 58. Qe5+ Kh7 59. Qc7 1-0

[Event "World Women's Team Pool A"]
[Site "Linares ESP"]
[Date "2025.11.20"]
[Round "5.9"]
[White "Kamalidenova, Meruert"]
[Black "Yip, Carissa"]
[Result "1-0"]
[WhiteTitle "IM"]
[BlackTitle "IM"]
[WhiteElo "2343"]
[BlackElo "2459"]
[WhiteTeam "Kazakhstan"]
[BlackTeam "USA"]
[WhiteFideId "13712802"]
[BlackFideId "2090732"]
[EventDate "2025.11.18"]

1. e4 g6 2. d4 Bg7 3. Nc3 d6 4. Be3 a6 5. h4 h6 6. g4 Nd7 7. Qd2 b5 8. a4 b4 9.
Nd5 a5 10. Bg2 e6 11. Nf4 e5 12. Nfe2 Nb6 13. b3 Bxg4 14. Rd1 Nf6 15. f3 Be6 16.
f4 Ng4 17. h5 O-O 18. fxe5 dxe5 19. d5 Nxe3 20. Qxe3 Bg4 21. Bf3 Bd7 22. Nh3 Nc8
23. Nf2 Nd6 24. Ng4 Bxg4 25. Bxg4 f5 26. Bf3 Qg5 27. Qg1 Ra6 28. hxg6 Nxe4 29.
Bxe4 fxe4 30. Qxg5 hxg5 31. Kd2 Rxg6 32. Ke3 g4 33. Rdg1 Bh6+ 34. Kxe4 Rf2 35.
Ng3 Rxc2 36. Nf5 Bf8 37. Ne3 Re2 38. Kf5 Kg7 39. Nxg4 Bc5 40. Rg3 e4 41. Rgh3
Rxg4 42. Rh7+ Kg8 43. Kxg4 Bd6 44. Kf5 Rf2+ 45. Kxe4 Rf4+ 46. Ke3 Rg4 47. R1h3
Kf8 48. Rh8+ Ke7 49. Ra8 Bc5+ 50. Kf3 Rd4 51. Rxa5 Rd3+ 52. Kg4 Rxd5 53. Ra8 Bb6
54. Rh7+ Ke6 55. Re8+ Kf6 56. Rh6+ Kf7 57. Re4 Rd3 58. Rxb4 Ke7 59. Rb5 Kd7 60.
a5 Be3 61. Rg6 Rd1 62. Kf3 Bg1 63. a6 Ra1 64. Rb7 Bc5 65. b4 Bd6 66. b5 1-0

[Event "World Women's Team Pool A"]
[Site "Linares ESP"]
[Date "2025.11.20"]
[Round "5.10"]
[White "Sargsyan, Anna M."]
[Black "Kurmangaliyeva, Liya"]
[Result "1/2-1/2"]
[WhiteTitle "IM"]
[BlackTitle "FM"]
[WhiteElo "2377"]
[BlackElo "2287"]
[WhiteTeam "USA"]
[BlackTeam "Kazakhstan"]
[WhiteFideId "13308130"]
[BlackFideId "13725831"]
[EventDate "2025.11.18"]

1. d4 d5 2. c4 dxc4 3. Nf3 Nf6 4. e3 e6 5. Bxc4 c5 6. O-O a6 7. b3 cxd4 8. Nxd4
Bd7 9. Bb2 Nc6 10. Nf3 Be7 11. Nbd2 O-O 12. Rc1 Rc8 13. Qe2 Nb4 14. a3 b5 15.
axb4 bxc4 16. Nxc4 Bxb4 17. Nfe5 Bb5 18. Ng4 Nd7 19. Rfd1 f6 20. e4 Qe7 21. Qf3
a5 22. Nge3 Rc7 23. e5 fxe5 24. Qg4 Rfc8 25. Rb1 a4 26. Nxe5 a3 27. Nxd7 Rxd7
28. Bxg7 Qxg7 29. Qxe6+ Kh8 30. Nf5 Rxd1+ 31. Rxd1 Qc3 32. Nd4 Bd3 33. Qf6+ Kg8
34. Qe6+ Kh8 35. Qf6+ Kg8 36. Qe6+ Kg7 37. Qe5+ Kf7 38. Qe6+ Kg7 39. Qe5+ Kf7
40. Qe6+ Kg7 41. Qe5+ 1/2-1/2

[Event "World Women's Team Pool A"]
[Site "Linares ESP"]
[Date "2025.11.20"]
[Round "5.12"]
[White "Tang, Zoey"]
[Black "Kaliakhmet, Elnaz"]
[Result "0-1"]
[WhiteTitle "FM"]
[BlackTitle "WIM"]
[WhiteElo "2381"]
[BlackElo "2274"]
[WhiteTeam "USA"]
[BlackTeam "Kazakhstan"]
[WhiteFideId "30952530"]
[BlackFideId "13730169"]
[EventDate "2025.11.18"]

1. d4 Nf6 2. Bg5 d5 3. e3 e6 4. c4 c6 5. Nd2 Be7 6. Ngf3 Nbd7 7. Bd3 h6 8. Bf4
O-O 9. O-O c5 10. Ne5 dxc4 11. Ndxc4 Nd5 12. Bg3 cxd4 13. exd4 Nxe5 14. dxe5 Bd7
15. Qe2 Nb4 16. Be4 Bc6 17. Rfd1 Qc7 18. Bxc6 Nxc6 19. Bf4 Rad8 20. Nd6 Bxd6 21.
exd6 Qd7 22. Rac1 e5 23. Be3 Qe6 24. Qb5 Rd7 25. a4 Rfd8 26. h3 f5 27. Bc5 f4
28. Qe2 Qf5 29. Re1 Rf8 30. Qe4 Qg5 31. Rc3 Kh8 32. a5 a6 33. Qd5 Re8 34. b4 Qf6
35. Qe4 Nd8 36. Rd3 Nf7 37. Qd5 Ng5 38. h4 Nf7 39. g3 Red8 40. Qe4 fxg3 41. fxg3
Qe6 42. Qd5 Qg6 43. Qe4 Qe6 44. Kg2 Re8 45. Red1 Red8 46. Rd5 Re8 47. R1d2 Red8
48. Bb6 Rf8 49. Bc7 Qf6 50. Qe2 Qe6 51. Rd1 Qg6 52. R5d2 Re8 53. Qe3 Re6 54. Qf3
e4 55. Qe3 Ne5 56. Rd4 Nf3 57. Rd5 Nxh4+ 58. Kh2 Nf3+ 59. Kg2 Nh4+ 60. Kh2 Nf3+
61. Kg2 Qg4 62. Rh1 Rg6 63. Rh3 Qe6 64. Rd1 Qa2+ 65. Qf2 Qb3 66. Rf1 Rf6 67. Qc5
e3 68. Qc1 e2 69. Rfh1 Qd5 70. Rxh6+ gxh6 71. Rxh6+ Kg7 0-1